000 00630nam a2200205Ia 4500
003 GCL
008 140319s9999 xx 000 0 ara d
040 _aGCL /
_cGCL
082 0 4 _a416
_bن م
100 1 _aالنعمان القاضى
245 1 0 _aموسيقا الشعر العربى /
_cالنعمان القاضى
700 1 _aوحيد عبد الحكيم الجمل
260 _a[S.N] :
_bدار الثقافة للنشر والتوزيع ،
_c1980
300 _a117 ص
490 _a
650 0 4 _aالشعر العربى
650 0 4 _aالادب العربى
650 0 4 _aتاريخ ونقد
942 _2ddc
_cBK
999 _c31230
_d31230